| 000 | 00562nam a22001932 4500 | ||
|---|---|---|---|
| 001 | 0000007290 | ||
| 005 | 20151217155833.0 | ||
| 008 | 071218s xx 000 0 eng d | ||
| 020 |
_a9966251561 : _cKES 240 |
||
| 040 |
_aKABU _cKABU |
||
| 100 | 1 |
_aWanyande, Peter. _@0000153239 |
|
| 245 | 1 | 0 |
_aJoseph Daniel Otiende / _cPeter Wanyande. |
| 260 |
_aNairobi : _bE. A. E. P., _c2002. |
||
| 300 | _axi, 66 p. | ||
| 650 | 0 |
_aOtiende, Joseph Daniel. _@0000158515 |
|
| 908 | _a071218 | ||
| 950 | _@1 | ||
| 999 |
_c13071 _d13071 |
||